<?xml version="1.0" encoding="UTF-8"?><?xml-stylesheet type="text/xsl" href="static/style.xsl"?><OAI-PMH xmlns="http://www.openarchives.org/OAI/2.0/" xmlns:xsi="http://www.w3.org/2001/XMLSchema-instance" xsi:schemaLocation="http://www.openarchives.org/OAI/2.0/ http://www.openarchives.org/OAI/2.0/OAI-PMH.xsd"><responseDate>2026-06-01T17:13:27Z</responseDate><request verb="GetRecord" identifier="oai:riuma.uma.es:10630/15214" metadataPrefix="marc">https://riuma.uma.es/rest/oai/request</request><GetRecord><record><header><identifier>oai:riuma.uma.es:10630/15214</identifier><datestamp>2026-02-03T10:21:39Z</datestamp><setSpec>com_10630_1685</setSpec><setSpec>col_10630_38055</setSpec></header><metadata><record xmlns="http://www.loc.gov/MARC21/slim" xmlns:dcterms="http://purl.org/dc/terms/" xmlns:doc="http://www.lyncode.com/xoai" xmlns:xsi="http://www.w3.org/2001/XMLSchema-instance" xsi:schemaLocation="http://www.loc.gov/MARC21/slim http://www.loc.gov/standards/marcxml/schema/MARC21slim.xsd">
   <leader>00925njm 22002777a 4500</leader>
   <datafield ind2=" " ind1=" " tag="042">
      <subfield code="a">dc</subfield>
   </datafield>
   <datafield ind2=" " ind1=" " tag="720">
      <subfield code="a">Morales-Quesada, Inmaculada</subfield>
      <subfield code="e">author</subfield>
   </datafield>
   <datafield ind2=" " ind1=" " tag="260">
      <subfield code="c">2018-02-20</subfield>
   </datafield>
   <datafield ind2=" " ind1=" " tag="520">
      <subfield code="a">Este proyecto está orientado a las personas con deficiencia visual, intentando facilitarles, en este caso, las tareas ofimáticas relativas con las bases de datos.&#xd;
La aplicación consta de 3 partes, una parte exclusiva para manejo de una agenda,donde se podrán dar de alta los contactos, consultarlos, modificarlos y eliminarlos. Otra parte donde se explican algunas teclas claves para facilitar y agilizar el manejo de toda las opciones de la aplicación y la primera y fundamental parte donde se tratan todas las&#xd;
tareas relativas con bases de datos como la creación, eliminación, modificación y consulta de bases de datos, así como la inserción, eliminación, consulta y modificación de los datos de las bases de datos. También se ha incluido, un apartado para consultas avanzadas donde se realizan cálculos matemáticos de media, suma, máximo y mínimo.&#xd;
En esta nueva versión se ha ampliado aún más el colectivo al que va destinado, poniendo a disposición del usuario la opción del bilingüismo. Con estas opciones el usuario podrá optar por determinar si el software estará en español o inglés. Además se han mejorado las funciones de búsqueda y tratamiento de los datos, y se ha implementado un nuevo diseño de interfaz con el cual, a las personas con discapacidad visual se les facilita la tarea de manejo, puesto que la gama cromática seleccionada para todos los elementos ha sido cuidadosamente seleccionada por dicho motivo.&#xd;
También se ha elaborado un manual de usuario en inglés y un cd de audio donde se encuentra el manual grabado en audio, tanto en español como en inglés.</subfield>
   </datafield>
   <datafield ind1="8" ind2=" " tag="024">
      <subfield code="a">https://hdl.handle.net/10630/15214</subfield>
   </datafield>
   <datafield tag="653" ind2=" " ind1=" ">
      <subfield code="a">Informática - Trabajos Fin de Grado</subfield>
   </datafield>
   <datafield tag="653" ind2=" " ind1=" ">
      <subfield code="a">Grado en Ingeniería del Software - Trabajos Fin de Grado</subfield>
   </datafield>
   <datafield tag="653" ind2=" " ind1=" ">
      <subfield code="a">Ciegos - Sistema de impresión y escritura - Aplicaciones informáticas</subfield>
   </datafield>
   <datafield ind2="0" ind1="0" tag="245">
      <subfield code="a">SOFTVISION 3.0 Desarrollo de aplicación bilingüe para personas con discapacidad visual</subfield>
   </datafield>
</record>
</metadata></record></GetRecord></OAI-PMH>